| 000 | 01379cas a2200373 a 4500 | ||
|---|---|---|---|
| 999 |
_c7713 _d7713 |
||
| 001 | 7713 | ||
| 003 | UkOxU | ||
| 005 | 20180222140011.0 | ||
| 008 | 750612d19611997mauar1 0 a0eng d | ||
| 022 | 0 | _a0073-7860 | |
| 035 | _a(OCoLC)ocm01389167 | ||
| 040 |
_aDI _cDI _dNIC _dNSDP _dInU _dOCoLC _dInU _dOCoLC _dDLC _dNST _dOCoLC _dDLC _dNST _dOCoLC _dNST _dMH _dNST _dInU _dTNJ _dMH _dDNLM _dDLC _dNSDP _dCLU |
||
| 041 | _aeng | ||
| 050 | 0 | 0 |
_aAY64 _b.I55 |
| 060 | 0 | 0 |
_aAY 64 _bI43 |
| 082 | 0 |
_a031 _219 |
|
| 245 | 0 | 0 |
_aInformation please almanac, atlas and yearbook 1969 / _cplanned and supervised by Dan Golenpaul Associates. |
| 246 | 1 | _aInformation please almanac, atlas & yearbook | |
| 246 | 1 | 4 | _aInformation please almanac |
| 260 |
_aNew York City : _bMcGraw-Hill, _cc1960-1997. |
||
| 300 |
_a944p. : _bill., ports., ; _c22 cm. |
||
| 500 | _aPublished: Boston : Houghton Mifflin, <1985>-1997. | ||
| 500 | _aEditors: 1961-1974, Dan Golenpaul; 1975- Ann Golenpaul. | ||
| 650 | 0 | _aAlmanacs, American. | |
| 650 | 0 | _aAlmanacs | |
| 650 | 2 | _aAlmanacs. | |
| 700 | 1 | _aGolenpaul, Dan. | |
| 700 | 1 | _aGolenpaul, Ann. | |
| 710 | 2 | _aDan Golenpaul Associates. | |
| 780 | 0 | 0 |
_tInformation please almanac _w(OCoLC)4790494 _w(DLC) 86655601 _w(UkOxU)011923339 |
| 785 | 0 | 0 |
_tInformation please almanac (Boston, Mass.) _x1529-9503 _w(DLC)sn 98032288 _w(OCoLC)37979592 |
| 942 |
_2ddc _cBK |
||